000 00380nam a2200157Ia 4500
999 _c29643
_d29643
003 OSt
005 20250728141440.0
008 250310s9999||||xx |||||||||||||| ||und||
040 _c.
082 _a323.44
_bM6451
100 _96232
_aMill, John Stuart
245 0 _aOn liberty /
_cJohn Stuart Mill
260 _aLondon :
_bWatts & co,
_c1941.
300 _a144 p.
942 _cBK
_2ddc